| 000 | 01434nam a2200337Ia 4500 | ||
|---|---|---|---|
| 001 | ebr5003689 | ||
| 003 | CaPaEBR | ||
| 006 | m u | ||
| 007 | cr cn||||||||| | ||
| 008 | 910522r20011885mauab s 001 0 eng d | ||
| 020 | _z1582185441 | ||
| 040 |
_aCaPaEBR _cCaPaEBR |
||
| 035 | _a(OCoLC)133164854 | ||
| 050 | 1 | 4 |
_aE474.44 _b.F67 2001eb |
| 100 | 1 |
_aForce, M. F. _q(Manning Ferguson), _d1824-1899. |
|
| 245 | 1 | 0 |
_aFrom Fort Henry to Corinth _h[electronic resource] / _cby M. F. Force. |
| 260 |
_aScituate, MA : _bDigital Scanning, _c2001. |
||
| 300 |
_avii p., 2 ., 204 p. : _bincl. maps. |
||
| 490 | 1 |
_aCampaigns of the Civil War ; _vv. 2 |
|
| 490 | 0 |
_aThe Army in the Civil War ; _vv.2 |
|
| 500 | _aIncludes index. | ||
| 500 | _aOriginally published: From Fort Henry to Corinth. New York,C. Scribner's sons,1881, 1885. | ||
| 533 |
_aElectronic reproduction. _bPalo Alto, Calif. : _cebrary, _d2009. _nAvailable via World Wide Web. _nAccess may be limited to ebrary affiliated libraries. |
||
| 650 | 0 | _aCorinth, Battle of, Corinth, Miss., 1862. | |
| 650 | 0 | _aFort Henry, Battle of, Tenn., 1862. | |
| 651 | 0 |
_aUnited States _xHistory _yCivil War, 1861-1865 _xCampaigns. |
|
| 655 | 7 |
_aElectronic books. _2local |
|
| 710 | 2 | _aebrary, Inc. | |
| 830 | 0 |
_aCampaigns of the Civil War ; _vv. 2. |
|
| 856 | 4 | 0 |
_uhttp://site.ebrary.com/lib/rucke/Doc?id=5003689 _zAn electronic book accessible through the World Wide Web; click to view |
| 999 |
_c243 _d243 |
||